| 000 | 02586nam a2200433 i 4500 | ||
|---|---|---|---|
| 001 | 193954 | ||
| 003 | SpMaBN | ||
| 005 | 20250708201359.0 | ||
| 008 | 240201s2019 sp | |||| 000 f spa | ||
| 015 | _aMON19 | ||
| 017 |
_aB 16131-2019 _bOficina Depósito Legal Barcelona |
||
| 020 | _a9788433980410 | ||
| 035 | _a(OCoLC)1113862487 | ||
| 040 |
_aSpMaBN _bspa _cSpMaBN _erda |
||
| 080 | _a821.133.1-31"19" | ||
| 100 |
_aLançon, Philippe, _d1963- _9235467 _eaut |
||
| 240 | 1 | 3 |
_aLe lambeau _lEspañol |
| 245 | 1 | 3 |
_aEl colgajo / _cPhilippe Lançon ; traducción de Juan de Sola |
| 250 | _aPrimera edición: agosto 2019 | ||
| 264 | 1 |
_aBarcelona : _bEditorial Anagrama, _c[2019] |
|
| 264 | 4 | _c©2019 | |
| 300 |
_a443 páginas ; _c22 cm |
||
| 336 |
_aTexto _2rdacontent |
||
| 337 |
_asin mediación _2rdamedia |
||
| 338 |
_avolumen _2rdacarrier |
||
| 490 | 1 |
_aPanorama de narrativas ; _v1009 |
|
| 520 | _aHabía una plegaria de un sabio oriental que decía: “Líbrame, Dios mío, de vivir una época interesante”. Hasta el 7 de enero de 2015, Lançon era una periodista que trabajaba en Liberation y Charlie Hebdo: escribía de cosas que le pasaban a otros, hacía críticas culturales. Un periodista nunca piensa que lo que a él le pasa sea interesante para nadie. Pero aquella mañana, en plena reunión de la redacción, ocurrió el atentado. El sobrevivió, con un disparo en la mandíbula que partió en dos su rostro y también su vida. Este libro –escrito después de muchas operaciones, meses en el hospital y recobradas sus ganas de contarlo– es absolutamente íntimo: su perspectiva sobre el tiempo, sobre cómo te transforma algo así, cómo aceptar el futuro. Es modélico en ese sentido: sufrimos con él sus noches de hospital, sus ansiedades, sus frustraciones. Y consigue convertir la oscuridad en algo muy luminoso y de gran alcance literario. | ||
| 586 | _aPremios Femina, Roger Caillois y Especial Renaudot 2018 | ||
| 700 |
_aSola, Juan de, _d1975- _9235468 _etrl |
||
| 830 | 0 |
_9123642 _aPanorama de narrativas ; _v1009 |
|
| 852 |
_aES-MaACL _bR.155002 _cDEPOJ _jN-9764 _xEncuadernación rústica con solapas _hDonación: José Lázaro García _9205469 |
||
| 903 |
_9234219 _aLázaro García, José _ednr |
||
| 942 |
_cMONOGRAFIA _n0 |
||
| 999 |
_c193954 _d193954 |
||